| 000 | 01362cam a2200373 4500 | ||
|---|---|---|---|
| 001 | 6509 | ||
| 005 | 20230410115545.0 | ||
| 008 | 060907s2001 nyu eng | ||
| 020 | _a9211125200 | ||
| 022 | _a0255-4607 | ||
| 035 | _9funglode6567 | ||
| 086 | _aUNCTAD/TDR/(2001) | ||
| 041 | _aeng | ||
| 050 | 1 | 4 |
_aHF 1008 _bU58t 2001 |
| 082 | 0 | 0 | _a382/.091724/005 |
| 110 | 2 | _aUnited Nations Conference on Trade and Development (UNCTAD) | |
| 245 | 1 | 0 |
_aTrade and development report, 2001 / _creport by the secretariat of the United Nations Conference on Trade and Development |
| 260 |
_aNew York : _bUnited Nations, _c2001 |
||
| 300 |
_axiii, 164 p. : _bill. ; _c30 cm. |
||
| 362 | 0 | _a1981- | |
| 500 | _aEn la cubierta subtítulo: Global trends and prospects financial architecture | ||
| 500 | _aNúmero de ventas (UN): E.01.II.D.10 | ||
| 650 | 0 |
_aCommerce _vPeriodicals. |
|
| 650 | 0 |
_aEconomic development _vPeriodicals. |
|
| 651 | 0 |
_aDeveloping countries _xCommerce _vPeriodicals. |
|
| 651 | 0 |
_aDeveloping countries _xEconomic conditions _vPeriodicals. |
|
| 610 | 2 | 0 |
_aUnited Nations. _bConference on Trade and Development. |
| 650 | 4 | _aComercio. | |
| 650 | 4 | _aDesarrollo económico. | |
| 650 | 4 | _aPolítica económica. | |
| 650 | 4 | _aUNCTAD | |
| 710 | 2 |
_aUnited Nations Conference on Trade and Development. _bSecretariat. |
|
| 942 |
_2lcc _cbk |
||
| 999 |
_c43546 _d43546 |
||